Score 0/44 Timer 01:00
0 Plays Today
% Correct
0201
96.1%
0201
96.1%
0105
94.3%
0105
94.3%
0306
91.1%
0306
91.1%
0306
91.1%
0306
91.1%
0306
91.1%
0306
91.1%
0409
88.9%
0409
88.9%
0409
88.9%
0409
88.9%
0409
88.9%
0409
88.9%
0409
88.9%
0611
80.9%
0611
80.9%
0512
78.9%
0512
78.9%
0512
78.9%
% Correct
1203
73.2%
1203
73.2%
1107
69.7%
1107
69.7%
1107
69.7%
0710
54.9%
0710
54.9%
0710
54.9%
0710
54.9%
0804
54.1%
0804
54.1%
0804
54.1%
0804
54.1%
0804
54.1%
0908
52.7%
0908
52.7%
0908
52.7%
0908
52.7%
1002
49.2%
1002
49.2%
1002
49.2%
1002
49.2%
Remove Ads.
Support Sporcle.
Get the best of Sporcle when you Go Orange. This ad-free experience offers more features, more stats, and more fun while also helping to support Sporcle. Thank you for becoming a member.

You're not logged in!

Compare scores with friends on all Sporcle quizzes.
OR
Log In

Show Comments

Extras

Top Quizzes Today


Score Distribution

Your Account Isn't Verified!

In order to create a playlist on Sporcle, you need to verify the email address you used during registration. Go to your Sporcle Settings to finish the process.

Report this User

Report this user for behavior that violates our Community Guidelines.

Details: